Trau dồi kỹ năng tiếng Thái theo phương pháp mới, sơ cấp 1, tập 2

Αποθηκεύτηκε σε:
Λεπτομέρειες βιβλιογραφικής εγγραφής
Μορφή: Βιβλίο
Ετικέτες: Προσθήκη ετικέτας
Δεν υπάρχουν, Καταχωρήστε ετικέτα πρώτοι!
Thư viện lưu trữ: Mạng thư viện Đại học Đà Nẵng
LEADER 00468nam a22001691a 4500
001 000036670
003 12965
005 20160412012707.0
008 160412s0 000
082 |a 4T(07)60 
245 |a Trau dồi kỹ năng tiếng Thái theo phương pháp mới, sơ cấp 1, tập 2  |c Siriyawapang 
OWN |a LNN 
999 |a From the UDN01 
TYP |a Monograph 
980 |a Mạng thư viện Đại học Đà Nẵng